[Event "Open"]
[Site "Dieren NED"]
[Date "2000.07.22"]
[Round "5"]
[White "Veerman,J"]
[Black "Van der Elburg,F"]
[Result "1-0"]
[WhiteElo "2168"]
[BlackElo "2354"]

1.d4 f5 2.g3 Nf6 3.Bg2 g6 4.Nf3 Bg7 5.O-O O-O 6.c4 d6 7.Nc3 c6 8.d5 e5 9.dxe6 Bxe6
10.Qd3 Na6 11.Ng5 Qe7 12.Bf4 Rad8 13.Rad1 Nh5 14.Nxe6 Qxe6 15.Bg5 Rd7 16.Be3 Nb4
17.Qd2 Qxc4 18.a3 Na6 19.Bxa7 Nc5 20.Qe3 Nf6 21.Bxc5 Re8 22.b3 Qxb3 23.Ne4 Qxe3
24.Nxf6+ Bxf6 25.Bxe3 d5 26.Bf3 Be7 27.a4 Ra8 28.Ra1 Bf6 29.Ra2 Bc3 30.Bb6 Kf7
31.e3 Ke6 32.a5 Kd6 33.Rc1 Bb4 34.Rd1 Ke6 35.Ra4 Bc3 36.Rc1 Bb2 37.Rc2 Bf6
38.a6 Be5 39.Rca2 bxa6 40.Rxa6 Rxa6 41.Rxa6 Bb8 42.Bd1 Rb7 43.Ba4 Kd7 44.Bd4  1-0

[Event "KB Czech Open"]
[Site "Pardubice CZE"]
[Date "2000.07.22"]
[Round "2"]
[White "Tolstikh,N"]
[Black "Spal,M"]
[Result "0-1"]
[WhiteElo "2417"]
[BlackElo "2239"]

1.Nf3 f5 2.g3 Nf6 3.Bg2 g6 4.O-O Bg7 5.d4 O-O 6.c4 d6 7.Nc3 Nc6 8.d5 Ne5
9.Nxe5 dxe5 10.e4 f4 11.gxf4 Nh5 12.fxe5 Bxe5 13.Ne2 Qd6 14.f4 Nxf4 15.Nxf4 Bxf4
16.Bxf4 Rxf4 17.Rxf4 Qxf4 18.Qd4 Qg5 19.Kh1 Bg4 20.e5 Rf8 21.d6 cxd6 22.exd6 h5
23.Qxa7 exd6 24.Qxb7 Rf7 25.Qd5 Qf6 26.Rf1 Bf5 27.b4 Kg7 28.b5 Qb2 29.a4 Re7
30.a5 h4 31.Qf3 h3 32.Rd1 hxg2+ 33.Kg1 Qb4 34.Qf2 Bh3 35.Qd4+ Kg8 36.Kf2 Rf7+
37.Kg3 Qa3+ 38.Kh4 Qf3  0-1

[Event "Open"]
[Site "Dieren NED"]
[Date "2000.07.27"]
[Round "9"]
[White "Mellegers,J"]
[Black "Van der Elburg,F"]
[Result "1-0"]
[WhiteElo "2252"]
[BlackElo "2354"]

1.Nf3 f5 2.c4 Nf6 3.g3 g6 4.Bg2 Bg7 5.O-O O-O 6.d4 d6 7.Nc3 c6 8.d5 Bd7 9.Rb1 Na6
10.b4 Rc8 11.Qb3 Kh8 12.Be3 cxd5 13.Nxd5 Nxd5 14.cxd5 Nc7 15.a4 Qe8 16.b5 b6
17.Bd4 e5 18.dxe6 Nxe6 19.Bxg7+ Kxg7 20.Rfd1 Qe7 21.Qd3 Nc5 22.Qxd6 Qxd6
23.Rxd6 Rc7 24.Rc1 Rf6 25.Rd4 Re6 26.e3 Be8 27.Rdc4 Ree7 28.Nd4 a6 29.bxa6 Ra7
30.a5 Rxa6 31.axb6 Ne4 32.Rc7 Kf7 33.b7 Rb6 34.Bxe4 fxe4 35.Rxe7+ Kxe7 36.Rc7+ Bd7
37.b8=Q Rxb8 38.Nc6+ Kd6 39.Rxd7+ Kxc6 40.Rxh7 Kd5 41.Rg7 Rb6 42.g4 Re6 43.Kg2 Ke5
44.Rf7  1-0

[Event "4th Open"]
[Site "Korinthos GRE"]
[Date "2000.07.30"]
[Round "6"]
[White "Novikov,I"]
[Black "Agouridis,A"]
[Result "1-0"]
[WhiteElo "2611"]
[BlackElo "2117"]

1.d4 f5 2.g3 Nf6 3.Bg2 g6 4.Nf3 Bg7 5.O-O O-O 6.c4 d6 7.Nc3 Nc6 8.d5 Ne5
9.Nxe5 dxe5 10.Qb3 Kh8 11.Rd1 h6 12.c5 g5 13.Bd2 a6 14.Na4 Qe8 15.Ba5 f4
16.Bxc7 Ng4 17.Nb6 Qh5 18.h3 fxg3 19.fxg3 Nf2 20.g4 Qh4 21.Rf1 h5 22.Qe3 hxg4
23.Rxf2 Rxf2 24.Qxf2 g3 25.Qe3 Bxh3 26.Nxa8 Bxg2 27.Kxg2 Qh2+ 28.Kf3 g2 29.Rg1 g4+
30.Kxg4 Kg8 31.Qf2 Qh6 32.Rxg2 e4 33.Qh4  1-0

[Event "Scandic Hotels GM"]
[Site "Stockholm SWE"]
[Date "2000.08.01"]
[Round "4"]
[White "Tella,J"]
[Black "Berg,E"]
[Result "1-0"]
[WhiteElo "2428"]
[BlackElo "2456"]

1.d4 f5 2.Nf3 Nf6 3.g3 g6 4.Bg2 Bg7 5.O-O O-O 6.c4 d6 7.Nc3 Qe8 8.d5 Na6
9.Rb1 c5 10.dxc6 bxc6 11.b4 Bd7 12.b5 Nc5 13.Nd4 Nfe4 14.Nxe4 Nxe4 15.bxc6 Bxc6
16.Ne6 Qc8 17.Nxg7 Nc3 18.Qd3 Bxg2 19.Qxc3 Bxf1 20.Kxf1 Qc6 21.f3 Kf7 22.Bh6 Rfc8
23.Qe3 Qd7 24.Rb7 Rc7 25.Rxc7 Qxc7 26.Qe6+ Kf8 27.Nh5+ Ke8 28.Nf6+ Kd8 29.Qg8+  1-0

[Event "Mipap Cup"]
[Site "Olomouc CZE"]
[Date "2000.08.05"]
[Round "6"]
[White "Czerwonski,A"]
[Black "Rechel,B"]
[Result "1/2-1/2"]
[WhiteElo "2375"]
[BlackElo "2402"]

1.d4 f5 2.c4 Nf6 3.Nf3 g6 4.g3 Bg7 5.Bg2 O-O 6.O-O d6 7.Nc3 Qe8 8.d5 Na6
9.Rb1 Bd7 10.b4 c6 11.dxc6 bxc6 12.a4 Rc8 13.b5 cxb5 14.axb5 Nc5 15.Bb2 a6
16.Nd4 axb5 17.cxb5 Nfe4 18.Nxe4 Nxe4 19.Qb3+ Qf7 20.Qe3 e5 21.Nc6 Bxc6 22.bxc6 Rxc6
23.Bxe4 fxe4 24.Qxe4 d5 25.Qd3 Rfc8 26.Rbc1 Rxc1 27.Rxc1 Rxc1+ 28.Bxc1 Qe6  1/2-1/2

[Event "FSGM August"]
[Site "Budapest HUN"]
[Date "2000.08.07"]
[Round "3"]
[White "Szabolcsi,J"]
[Black "Hoang Thanh Trang"]
[Result "1-0"]
[WhiteElo "2411"]
[BlackElo "2489"]

1.d4 f5 2.g3 Nf6 3.Bg2 g6 4.Nf3 Bg7 5.O-O O-O 6.c4 d6 7.Nc3 Qe8 8.Nd5 Nxd5
9.cxd5 Qb5 10.Ng5 h6 11.Ne6 Bxe6 12.dxe6 d5 13.a4 Qb6 14.Bxd5 Rd8 15.Bf3 Nc6
16.e3 Ne5 17.Bg2 c5 18.d5 c4 19.e4 f4 20.gxf4 Nd3 21.Qg4 Kh7 22.e5 Qd4 23.Be3 Qxb2
24.Be4 Kg8 25.Rab1 Nxe5 26.fxe5 Qxe5 27.Qxg6 b6 28.Bxh6  1-0

[Event "FSGM August"]
[Site "Budapest HUN"]
[Date "2000.08.09"]
[Round "5"]
[White "Vadasz,L"]
[Black "Hoang Thanh Trang"]
[Result "1/2-1/2"]
[WhiteElo "2301"]
[BlackElo "2489"]

1.Nf3 f5 2.d4 g6 3.g3 Bg7 4.Bg2 Nf6 5.O-O O-O 6.c4 d6 7.Nc3 Qe8 8.Nd5 Nxd5
9.cxd5 Qb5 10.Ng5 h6 11.Ne6 Bxe6 12.dxe6 d5 13.a4 Qb6 14.Bxd5 Rd8 15.Bg2 Rxd4
16.Qc2 Rb4 17.Rd1 Na6 18.Be3 Rxb2 19.Qc1 Qb3 20.Bxh6 Bf6 21.Rd3 Qc2 22.Rd2  1/2-1/2

[Event "FSGM August"]
[Site "Budapest HUN"]
[Date "2000.08.11"]
[Round "7"]
[White "Vadasz,L"]
[Black "Antal,Ge"]
[Result "1/2-1/2"]
[WhiteElo "2301"]
[BlackElo "2405"]

1.Nf3 f5 2.d4 Nf6 3.g3 g6 4.Bg2 Bg7 5.O-O O-O 6.c4 d6 7.Nc3 Qe8 8.Nd5 Nxd5
9.cxd5 Qb5 10.Ng5 h6 11.Ne6 Bxe6 12.dxe6 d5 13.a4 Qc4 14.Be3 c6 15.Qd2 Kh7
16.b4 Qa6 17.b5 cxb5 18.Bxd5 bxa4 19.Qc2 Qb5 20.Bf3 Nc6 21.Rfb1 Nb4 22.Qxa4 Qxa4
23.Rxa4 a5 24.Bxb7 Rab8 25.Bf3 Nc2 26.Rxb8 Rxb8 27.Rxa5 Nxd4  1/2-1/2

[Event "Lost Boys Open"]
[Site "Amsterdam NED"]
[Date "2000.08.14"]
[Round "4"]
[White "Sundararajan,K"]
[Black "Roebers,J"]
[Result "1-0"]
[WhiteElo "2404"]
[BlackElo "2237"]

1.d4 g6 2.c4 f5 3.g3 Bg7 4.Bg2 Nf6 5.Nf3 O-O 6.O-O d6 7.b3 Ne4 8.Bb2 Nc6
9.Nbd2 Nxd2 10.Qxd2 e5 11.dxe5 dxe5 12.Qd5+ Qxd5 13.cxd5 Nd4 14.Nxd4 exd4
15.Rac1 Rf7 16.Rfd1 a5 17.Bxd4 a4 18.Bxg7 Kxg7 19.b4 Kf6 20.Rc5 a3 21.Rdc1 g5
22.Rxc7 Rxc7 23.Rxc7 h6 24.f4 gxf4 25.gxf4 Rb8 26.Rh7 b6 27.Rh8 Ke7 28.Bh3  1-0

[Event "ch-ESP"]
[Site "Barcelona ESP"]
[Date "2000.08.18"]
[Round "1"]
[White "Comas Fabrego,L"]
[Black "Gomez Esteban,J"]
[Result "1-0"]
[WhiteElo "2516"]
[BlackElo "2516"]

1.c4 f5 2.Nf3 Nf6 3.g3 g6 4.Bg2 Bg7 5.O-O O-O 6.d4 d6 7.d5 c6 8.Nc3 cxd5
9.cxd5 Na6 10.Be3 Nc5 11.Bd4 a5 12.Ne1 b6 13.Nc2 Bd7 14.Qd2 Rb8 15.Rab1 Na6
16.b4 axb4 17.Nxb4 Nc5 18.Rfd1 Ng4 19.Nc6 Bxc6 20.dxc6 Ne5 21.f4 Nc4 22.Bd5+  1-0

[Event "Open"]
[Site "Kiel GER"]
[Date "2000.08.23"]
[Round "5"]
[White "Agdestein,S"]
[Black "Baekgaard,M"]
[Result "1-0"]
[WhiteElo "2590"]
[BlackElo "2170"]

1.d4 f5 2.g3 Nf6 3.Bg2 g6 4.Nf3 Bg7 5.O-O O-O 6.c4 d6 7.Nc3 Qe8 8.d5 Na6
9.Rb1 Nc5 10.Nb5 Qd8 11.Nbd4 a5 12.Ng5 Nfe4 13.Nxe4 Nxe4 14.Be3 Qe8 15.Nb5 Qd7
16.Qc2 Nc5 17.Bd4 e5 18.dxe6 Qe7 19.Rbd1 Bxd4 20.Nxd4 Kg7 21.Qc3 Rf6 22.e4 fxe4
23.Rfe1 Nd3 24.Re2 c5 25.Nb5 Bxe6 26.Bxe4 Ne5 27.Bd5 Re8 28.f4  1-0

[Event "Open"]
[Site "Porto San Giorgio ITA"]
[Date "2000.08.23"]
[Round "4"]
[White "Safranska,A"]
[Black "Faraoni,E"]
[Result "1-0"]
[WhiteElo "2337"]
[BlackElo "2174"]

1.Nf3 f5 2.g3 Nf6 3.Bg2 g6 4.O-O Bg7 5.d4 O-O 6.c4 d6 7.Nc3 Nc6 8.d5 Ne5
9.Nxe5 dxe5 10.e4 f4 11.f3 fxg3 12.hxg3 Nh5 13.Ne2 Qd6 14.Be3 g5 15.c5 Qg6
16.Qd2 Nf4 17.Rf2 Nxg2 18.Kxg2 g4 19.f4 Qxe4+ 20.Kg1 Qg6 21.Nc3 Bf5 22.Rd1 Rad8
23.Qe2 Kh8 24.Bc1 exf4 25.Bxf4 c6 26.Qxe7 Rd7 27.Qe2 cxd5 28.Rxd5 Rxd5 29.Nxd5 Re8
30.Qd2 Qe6 31.Ne3 Be4 32.b4 Bf3 33.Qd3 Qe4 34.Qxe4 Rxe4 35.Rd2 Bf6 36.Nf5 Rxb4
37.Rd6 Rb1+ 38.Kf2 Rb2+ 39.Ke3 Re2+ 40.Kd3 Be7 41.Rd7 Bf6 42.Rf7 Bg7 43.Rxg7 Re8
44.Re7 Rxe7 45.Nxe7 Kg7 46.Kd4  1-0

[Event "Open"]
[Site "Porto San Giorgio ITA"]
[Date "2000.08.23"]
[Round "4"]
[White "Faybish,N"]
[Black "De Santis,A"]
[Result "1-0"]
[WhiteElo "2211"]
[BlackElo "2309"]

1.d4 f5 2.c4 Nf6 3.g3 g6 4.Bg2 Bg7 5.Nf3 O-O 6.O-O d6 7.Nc3 Nc6 8.b3 a6 9.Bb2 Qe8
10.d5 Ne5 11.Nxe5 dxe5 12.e4 f4 13.Na4 Nd7 14.Bc3 g5 15.Bf3 b5 16.Nb2 Nf6
17.Re1 g4 18.Bg2 f3 19.Bf1 Qh5 20.a4 bxa4 21.Rxa4 Nd7 22.d6 e6 23.dxc7 Rf6
24.Ra5 Rh6 25.h3 gxh3 26.Qd6 Rg6 27.Nd3 Bf8 28.Qc6 Ra7 29.Nxe5 Nxe5 30.Rxe5 Qh4
31.Kh2 Qe7 32.Ba5 Qa3 33.Bb6 Rb7 34.Bc5 Bxc5 35.Rxc5 Qb2 36.Qe8+ Kg7 37.Be2 fxe2
38.Qxc8 Rxb3 39.Qd7+ Kh6 40.c8=Q Rf3 41.Qcd8 Rxf2+ 42.Kxh3 Rgf6 43.Rh5+  1-0

[Event "Open"]
[Site "Kiel GER"]
[Date "2000.08.24"]
[Round "6"]
[White "Semmler,G"]
[Black "Ferkingstad,S"]
[Result "0-1"]
[WhiteElo "2124"]
[BlackElo "2111"]

1.Nf3 f5 2.d4 g6 3.g3 Bg7 4.Bg2 Nf6 5.O-O O-O 6.c4 d6 7.Nc3 Nc6 8.Qc2 e5
9.dxe5 dxe5 10.Bg5 e4 11.Rfd1 Qe8 12.Ne1 Qf7 13.b3 Be6 14.Rac1 h6 15.Bxf6 Bxf6
16.e3 Ne5 17.Nd5 Bg7 18.Nf4 Bd7 19.Rd2 g5 20.Ne2 Rae8 21.Nd4 c6 22.Ne2 h5
23.Rcd1 Bc8 24.Qc1 Bh6 25.Rd6 Kh7 26.Qa3 a6 27.Qa5 h4 28.Rd8 b6 29.Qxb6 Nd7
30.R8xd7 Bxd7 31.Qxa6 f4 32.exf4 gxf4 33.Qa7 Bg4 34.Qxf7+ Rxf7  0-1

[Event "ch-HUN KO"]
[Site "Budapest HUN"]
[Date "2000.09.01"]
[Round "3.1"]
[White "Szeberenyi,A"]
[Black "Seres,L"]
[Result "0-1"]
[WhiteElo "2357"]
[BlackElo "2444"]

1.d4 f5 2.g3 Nf6 3.Bg2 g6 4.Nf3 Bg7 5.O-O O-O 6.c4 d6 7.Nc3 Nc6 8.d5 Ne5
9.Nxe5 dxe5 10.c5 h6 11.Qb3 Kh8 12.Rd1 g5 13.Qb4 Rg8 14.b3 a6 15.Bb2 Qe8
16.Na4 e4 17.d6 a5 18.Qc4 exd6 19.cxd6 b5 20.Qxc7 bxa4 21.Bxf6 Bxf6 22.d7 Qf8
23.Rd6 Ba6 24.Rad1 Bxe2 25.R1d5 axb3 26.axb3 Bd8 27.Qc3+ Kh7 28.Re6 Ra6 29.Rxf5 Rxe6
30.Rxf8 Rxf8 31.Qc5 Kg7 32.Qd5 Rff6 33.Qa8 Rd6 34.h4 Rd1+ 35.Kh2 Rxd7 36.Qxe4 Rxf2
37.Qe5+ Bf6 38.Qe8 Re7  0-1

[Event "chT-POL"]
[Site "Zakopane chT"]
[Date "2000.09.09"]
[Round "7"]
[White "Wieczorek,R"]
[Black "Jakubiec,A"]
[Result "0-1"]
[WhiteElo "2245"]
[BlackElo "2488"]

1.d4 f5 2.g3 Nf6 3.Bg2 g6 4.Nf3 Bg7 5.O-O O-O 6.c4 d6 7.b3 Qe8 8.Bb2 h6 9.Nc3 g5
10.e4 fxe4 11.Nd2 Bg4 12.Qe1 Nc6 13.Ncxe4 Nxe4 14.Qxe4 Bf5 15.Qe3 Nb4 16.Be4 Qg6
17.Bc3 a5 18.Bxb4 axb4 19.Bxb7 Ra5 20.Bc6 e5 21.Nf3 Bg4 22.dxe5 d5 23.Nd4 dxc4
24.bxc4 Rxe5 25.Qb3 Rc5 26.Bd5+ Rxd5 27.cxd5 Bxd4 28.Rac1 Qf7  0-1

[Event "1st European Blitz Ch"]
[Site "Neum BIH"]
[Date "2000.10.04"]
[Round "8"]
[White "Tkachiev,V"]
[Black "Malaniuk,V"]
[Result "1-0"]
[WhiteElo "2657"]
[BlackElo "2548"]

1.Nf3 f5 2.g3 Nf6 3.Bg2 g6 4.O-O Bg7 5.d4 O-O 6.c4 d6 7.Nc3 e6 8.b4 Ne4 9.Bb2 Nd7
10.Qb3 Ndf6 11.Rad1 Qe7 12.a4 a5 13.b5 b6 14.Nxe4 Nxe4 15.Nd2 Nxd2 16.Rxd2 Rb8
17.Rc1 Bb7 18.c5 dxc5 19.dxc5 Bxb2 20.Qxb2 Bxg2 21.Kxg2 bxc5 22.Qe5 Rfd8
23.Rxd8+ Rxd8 24.Rxc5 Rd6 25.Qc3 Rd7 26.Rc6 e5 27.Qxa5 Qf7 28.Qc3 Qd5+ 29.Qf3 e4
30.Qe3 Kg7 31.Qc3+ Kh6 32.Qe3+ Kg7 33.h4 Qa2 34.h5 Qd5 35.hxg6 hxg6 36.Qg5 Qf7
37.Qf4 Kh7 38.Qe5 Re7 39.Qc3 e3 40.f3 Qa2 41.Qc2 Qf7 42.a5 Kh6 43.a6 Qd5
44.a7 Re8 45.Qc4  1-0

[Event "FSGM October"]
[Site "Budapest HUN"]
[Date "2000.10.09"]
[Round "3"]
[White "Szeberenyi,A"]
[Black "Hoang Thanh Trang"]
[Result "1/2-1/2"]
[WhiteElo "2357"]
[BlackElo "2489"]

1.d4 f5 2.g3 Nf6 3.Bg2 g6 4.Nf3 Bg7 5.O-O O-O 6.c4 d6 7.Nc3 Qe8 8.Nd5 Na6
9.Nxf6+ Rxf6 10.e4 fxe4 11.Ng5 Rf8 12.Bxe4 h6 13.Bd5+ Kh8 14.Ne6 Bxe6 15.Bxe6 c6
16.Re1 Nc7 17.d5 Rf6 18.Qg4 cxd5 19.cxd5 Nxe6 20.dxe6 Rc8 21.Be3 Rc2 22.Rac1 Rxc1
23.Rxc1 Qg8 24.Rc7 Qxe6 25.Qxe6 Rxe6 26.Rxb7 a5 27.b4 axb4 28.Rxb4 d5 29.Rb8+ Kh7
30.Rd8 Ra6  1/2-1/2

[Event "FSGM October"]
[Site "Budapest HUN"]
[Date "2000.10.17"]
[Round "11"]
[White "Vadasz,L"]
[Black "Hoang Thanh Trang"]
[Result "1/2-1/2"]
[WhiteElo "2301"]
[BlackElo "2489"]

1.d4 f5 2.Nf3 g6 3.g3 Nf6 4.Bg2 Bg7 5.O-O O-O 6.c4 d6 7.Nc3 Qe8 8.Re1 Qf7
9.Qd3 h6 10.b3 Nc6  1/2-1/2

[Event "TCh-FIN 00-01"]
[Site "FIN"]
[Date "2000.10.21"]
[Round "3"]
[White "Norri,J"]
[Black "Keskinen,S"]
[Result "1-0"]
[WhiteElo "2398"]
[BlackElo "2252"]

1.d4 f5 2.g3 Nf6 3.Bg2 g6 4.Nf3 Bg7 5.O-O O-O 6.c4 d6 7.Nc3 Nc6 8.d5 Ne5
9.Nxe5 dxe5 10.Qb3 Kh8 11.Bg5 h6 12.Bxf6 Bxf6 13.c5 g5 14.Rad1 Rb8 15.Qa3 a6
16.Rd2 Qe8 17.Rfd1 e4 18.d6 exd6 19.cxd6 cxd6 20.Qxd6 Be6 21.Qb6 Bg7 22.Rd6 Bg8
23.g4 e3 24.fxe3 fxg4 25.Ne4 Qe7 26.Rd7 Qe5 27.R1d6 Bh7 28.Re6 Rbc8 29.Rd1 Qc7
30.Ng3 Qc2 31.Rf1 Rxf1+ 32.Nxf1 Qxe2 33.Qxb7 Rf8 34.Re7 Bd3 35.Rf7 Rxf7 36.Qxf7 Qxb2
37.Qe8+ Kh7 38.Bd5 Qb5 39.Qg8+ Kg6 40.Qf7+ Kh7 41.Qg8+ Kg6 42.Qe6+ Kh7 43.Be4+ Bxe4
44.Qxe4+ Kh8 45.Qxg4 a5 46.Qc8+ Kh7 47.Qc2+ Kh8 48.Ng3 Qb4 49.Kg2 Qe1 50.Nf5 Qb4
51.Qc8+ Kh7 52.Qd7 Qe4+ 53.Kg3 Qe5+ 54.Kf3 Kg6 55.Nxg7 Qxg7 56.Qxg7+ Kxg7
57.Ke4 Kf6 58.Kd5 g4 59.e4 h5 60.Kd6 Kf7 61.Ke5 Kg6  1-0

[Event "TCh-SVK"]
[Site "SVK"]
[Date "2000.10.22"]
[Round "2"]
[White "Kriz,Ma"]
[Black "Malar,P"]
[Result "0-1"]
[WhiteElo "2145"]
[BlackElo "2150"]

1.d4 f5 2.Nf3 Nf6 3.g3 g6 4.Bg2 Bg7 5.O-O O-O 6.c4 d6 7.Nc3 Qe8 8.Re1 Qf7
9.b3 h6 10.Bb2 Na6 11.a3 g5 12.b4 c6 13.d5 c5 14.Nb5 Bd7 15.bxc5 Nxc5 16.Nfd4 f4
17.Nc7 Rac8 18.Nce6 Bxe6 19.Nxe6 Nxe6 20.dxe6 Qh5 21.Bxf6 Bxf6 22.Rb1 b6
23.Qd3 Kg7 24.gxf4 gxf4 25.Bf3 Qg6+ 26.Kh1 Qxd3 27.exd3 Bd4 28.Rg1+ Kf6 29.Rg4 Kf5
30.Rh4 Bxf2 31.Rxh6 Rh8 32.Rb5+ Bc5 33.Rxh8 Rxh8 34.d4 a6 35.Rb1 Bxd4 36.Rd1 Be5
37.Bd5 Rh3 38.Kg2 Rxa3 39.Rb1 Bd4 40.Rd1 Be3 41.Kf3 Ra2 42.Be4+ Kxe6 43.h4 Rh2
44.Kg4 a5 45.h5 Ke5 46.Bf3 e6 47.Kg5 Rh3 48.Rf1 Rg3+ 49.Bg4 f3+ 50.Kh4 Kf4
51.Bxe6 Bd4 52.h6 Bf6+ 53.Kh5 Rg5+ 54.Kh4 Rg1+  0-1

[Event "22nd Open"]
[Site "Arco ITA"]
[Date "2000.10.25"]
[Round "5"]
[White "Ketzscher,R"]
[Black "Ragonese,R"]
[Result "1/2-1/2"]
[WhiteElo "2214"]
[BlackElo "2026"]

1.d4 f5 2.Nf3 Nf6 3.g3 g6 4.Bg2 Bg7 5.O-O O-O 6.c4 d6 7.Nc3 Nc6 8.Re1 Ne4
9.e3 Nxc3 10.bxc3 e5 11.Rb1 Rb8 12.Nd2 Na5 13.Nb3 Nxb3 14.Rxb3 b6 15.Qe2 Bb7
16.Bxb7 Rxb7 17.c5 dxc5 18.dxc5 Qd5 19.cxb6 Rxb6 20.Rd1 Qc6 21.Ba3 Rfb8 22.Bb4 h6  1/2-1/2

[Event "34th Olympiad Women"]
[Site "Istanbul TUR"]
[Date "2000.10.30"]
[Round "3"]
[White "Macek,V"]
[Black "Berntsen,S"]
[Result "1/2-1/2"]
[WhiteElo "2277"]
[BlackElo "2094"]

1.d4 f5 2.Nf3 Nf6 3.g3 g6 4.Bg2 Bg7 5.O-O O-O 6.c4 d6 7.Nc3 Qe8 8.Qb3 h6
9.Nb5 Na6 10.d5 c6 11.Nc3 Nc5 12.Qd1 Bd7 13.Be3 Nce4 14.Nxe4 Nxe4 15.Bd4 e5
16.dxe6 Bxe6 17.Bxg7 Kxg7 18.Qd4+ Rf6 19.b3 Bf7 20.Rad1 a5 21.Nd2 Nc5 22.e4 Qe5
23.Qxe5 dxe5 24.exf5 gxf5 25.Nf3  1/2-1/2

[Event "Gp B"]
[Site "Cap d'Agde FRA"]
[Date "2000.10.31"]
[Round "7"]
[White "Campos Moreno,J"]
[Black "Zhang Zhong"]
[Result "0-1"]
[WhiteElo "2491"]
[BlackElo "2636"]

1.d4 f5 2.g3 Nf6 3.Bg2 g6 4.Nf3 Bg7 5.O-O O-O 6.c4 d6 7.Nc3 Qe8 8.d5 a5 9.Ne1 Na6
10.Nd3 Qf7 11.Rb1 Rb8 12.b3 h6 13.Bb2 g5 14.Qd2 Qh5 15.Nb5 Bd7 16.Nd4 b6
17.a3 Nc5 18.Nxc5 bxc5 19.Ne6 Bxe6 20.dxe6 Rxb3 21.Bxf6 Rxb1 22.Rxb1 Bxf6
23.e3 a4 24.Rb7 f4 25.Qc2 Kh8 26.Rxc7 fxe3 27.fxe3 Qg4 28.Rb7 Qxe6 29.Qe4 Qf7
30.Rb1 Kg7 31.Bh3 Be5 32.Rf1 Bf6 33.Rb1 Qe8 34.Bf1 Qa8 35.Bd3 Qxe4 36.Bxe4 Bc3
37.Rf1 Rb8 38.Rb1 Rf8 39.Rf1 Rb8 40.Rb1 Rb3 41.Rxb3 axb3 42.Kf2 Kf6 43.Ke2 Ke5
44.Bg6 g4 45.Kd3 Be1 46.Bh5 Kf5 47.Be8 e6 48.Bf7 Kf6 49.Be8 Ke5 50.Ba4 b2
51.Bc2 d5 52.Bb1 Bf2 53.a4 Kd6 54.e4 d4 55.Kc2 Bg1 56.a5 Kc7 57.e5 Bxh2 58.Kxb2 Bxg3
59.Be4 Bxe5  0-1

[Event "4th OIBM"]
[Site "Bad Wiessee GER"]
[Date "2000.11.05"]
[Round "9"]
[White "Doettling,F"]
[Black "Buchal,S"]
[Result "1-0"]
[WhiteElo "2473"]
[BlackElo "2335"]

1.d4 g6 2.Nf3 Bg7 3.c4 f5 4.g3 Nf6 5.Bg2 O-O 6.O-O d6 7.b3 c6 8.Bb2 Na6 9.Nbd2 h6
10.Ne1 g5 11.Nd3 Qe8 12.e3 Qg6 13.Qe2 Bd7 14.Rac1 Nc7 15.c5 Ncd5 16.a4 Ne4
17.Nc4 g4 18.Rfe1 h5 19.Nf4 Nxf4 20.exf4 d5 21.Ne5 Bxe5 22.dxe5 Be6 23.Bd4 h4
24.b4 a6 25.Ra1 hxg3 26.fxg3 Kf7 27.Qe3 Rh8 28.Re2 Rh6 29.Bf1 Bd7 30.Rb2 e6
31.Raa2 Rhh8 32.Qb3 Ke7 33.b5 axb5 34.axb5 Rxa2 35.Rxa2 Rb8 36.Qb4 Qe8 37.Ra7 Qc8
38.Kg2 Ke8 39.b6 Ke7 40.Kg1 Kf7 41.Bg2 Qg8 42.Kf1 Qh8 43.Bg1 Ke7 44.Qd4 Qf8
45.Ke1 Qf7 46.Bf1 Qf8 47.Bd3 Qh8 48.Bxe4 fxe4 49.f5 exf5 50.e6 Qxd4 51.Bxd4 Kxe6
52.Ke2 f4 53.gxf4 g3 54.hxg3 Rg8 55.Rxb7 Rxg3 56.f5+  1-0

[Event "34th Olympiad Women"]
[Site "Istanbul TUR"]
[Date "2000.11.05"]
[Round "8"]
[White "Meenakshi,S"]
[Black "Dworakowska,J"]
[Result "0-1"]
[WhiteElo "2226"]
[BlackElo "2371"]

1.d4 f5 2.c4 Nf6 3.Nf3 g6 4.g3 Bg7 5.Bg2 O-O 6.O-O d6 7.Nc3 Nc6 8.d5 Na5
9.Nd2 c5 10.Qc2 e5 11.dxe6 Bxe6 12.b3 d5 13.cxd5 Nxd5 14.Bxd5 Bxd5 15.Ba3 b6
16.Rad1 Bf7 17.Nc4 Qf6 18.Nd5 Bxd5 19.Rxd5 Nc6 20.e3 Rad8 21.Rfd1 Rxd5 22.Rxd5 Qf7
23.Rd1 g5 24.Nd6 Qh5 25.Nc4 f4 26.Bb2 Bxb2 27.Nxb2 Ne5 28.Qe4 Nf3+ 29.Kf1 Nxh2+
30.Kg2 Ng4 31.Qc4+ Kh8 32.Qc3+ Rf6 33.Rh1 Qg6 34.exf4 gxf4 35.Rh4 f3+ 36.Kh3 Nxf2+
37.Kh2 Kg7 38.Nc4 Ne4 39.Qe5 f2 40.Ne3 Ng5 41.Qe7+ Rf7 42.Qe5+ Qf6 43.Qxf6+ Rxf6
44.Kg2 Nf3 45.Ra4 Ne1+ 46.Kf1 Rf7 47.Ng4 Nd3 48.Rc4 Re7 49.Nh2 Re1+ 50.Kg2 Rg1+
51.Kf3 Rh1  0-1

[Event "Autumn Cup GM"]
[Site "Bucharest ROM"]
[Date "2000.11.21"]
[Round "2"]
[White "Simantsev,M"]
[Black "Podinic,V"]
[Result "1/2-1/2"]
[WhiteElo "2403"]
[BlackElo "2340"]

1.d4 f5 2.Nf3 Nf6 3.c4 g6 4.g3 Bg7 5.Bg2 O-O 6.O-O d6 7.Nc3 Nc6 8.d5 Ne5
9.Nxe5 dxe5 10.e4 f4 11.gxf4 exf4 12.e5 Ng4 13.e6 Ne5 14.Re1 Nxc4 15.Re4 Nd6
16.Rxf4 Rxf4 17.Bxf4 b6 18.Rc1 Bb7 19.Qd2 Qf8 20.Ne4 Rc8 21.b3 Qf5 22.Ng3 Qf6
23.Bg5 Qf8 24.h4 Bf6 25.Bh6 Bg7 26.Bf4 Qf6 27.Bg5 Qb2 28.Rc2 Qa1+ 29.Kh2 Bf6
30.Be3 Be5 31.h5 Nf5 32.Rc1 Nxg3 33.f4 Qb2 34.fxe5 Qxd2 35.Bxd2 Nf5 36.hxg6 hxg6
37.d6 Bxg2 38.Rxc7 Rf8 39.Kxg2 exd6 40.exd6 Nxd6 41.Bb4 Nb5 42.Rc4 Re8 43.a4 a5
44.axb5 axb4 45.Rc6 Kg7 46.Rxb6 Kf6 47.e7+ Kxe7 48.Rxg6 Kd7 49.Kf2 Kc7 50.Kf3 Re5
51.Rg4 Kb6 52.Rxb4  1/2-1/2

[Event "FSIMB December"]
[Site "Budapest HUN"]
[Date "2000.12.04"]
[Round "2"]
[White "Koskinen,Hen"]
[Black "Seres,L"]
[Result "1-0"]
[WhiteElo "2310"]
[BlackElo "2444"]

1.Nf3 f5 2.g3 Nf6 3.Bg2 g6 4.O-O Bg7 5.d4 O-O 6.c4 d6 7.d5 Nbd7 8.Nc3 Ne5
9.Nxe5 dxe5 10.c5 h6 11.b4 g5 12.Qb3 Kh8 13.Ba3 Qe8 14.b5 e4 15.Rad1 Ng4
16.d6 exd6 17.cxd6 Be6 18.Qb4 cxd6 19.Rxd6 Rc8 20.Nd5 Ne5 21.Rc1 Qf7 22.Nc7 Bc4
23.b6 axb6 24.Nb5 Bxe2 25.Rxc8 Rxc8 26.Bb2 Nc4 27.Rxh6+ Kg8 28.Nd6 Nxb2 29.Nxc8 Qxa2
30.Ne7+ Kf7 31.h4 Bxh6 32.Nxf5 Bf8 33.Qxe4 Ba6 34.hxg5 Qe6 35.Qf3 Kg8 36.Nd4 Qe5
37.Qb3+ Nc4 38.Nf3 Qa1+ 39.Kh2 Qb2 40.Qd3 Qh8+ 41.Nh4 Bd6 42.Bd5+ Kf8 43.Kg2  1-0

[Event "FSIMB December"]
[Site "Budapest HUN"]
[Date "2000.12.06"]
[Round "4"]
[White "Koskinen,Hen"]
[Black "Philippe,C"]
[Result "0-1"]
[WhiteElo "2310"]
[BlackElo "2306"]

1.d4 f5 2.g3 Nf6 3.Bg2 g6 4.Nf3 Bg7 5.O-O O-O 6.c4 d6 7.Nc3 Qe8 8.b3 e5 9.dxe5 dxe5
10.e4 Nc6 11.Nd5 Qd7 12.Ba3 Rd8 13.Qc2 Nxe4 14.Rad1 Nd4 15.Nxd4 exd4 16.Bxe4 fxe4
17.Qxe4 Qf7 18.Ne7+ Kh8 19.Nxc8 Raxc8 20.Qxb7 Rb8 21.Qe4 Re8 22.Qd3 Rbd8
23.Rfe1 Re6 24.Re4 Rxe4 25.Qxe4 Re8 26.Qd3 Re5 27.Bc1 Qe7 28.Bd2 Qa3 29.Bf4 Re7
30.Qf3 h6 31.Qd5 Kh7 32.Rxd4 Bxd4 33.Qxd4 Qxa2 34.Be3 Qxb3 35.Qf6 Qb1+ 36.Kg2 Qe4+
37.Kg1 Rd7 38.Bd2 Qf5 39.Qc3 Qd3  0-1

[Event "Koltanowski Mem"]
[Site "San Francisco USA"]
[Date "2000.12.16"]
[Round "3"]
[White "Donaldson,J"]
[Black "Kobernat,A"]
[Result "1/2-1/2"]
[WhiteElo "2396"]
[BlackElo "2077"]

1.Nf3 f5 2.g3 Nf6 3.Bg2 g6 4.O-O Bg7 5.d4 O-O 6.c4 d6 7.d5 c6 8.Nc3 e5 9.dxe6 Bxe6
10.Qd3 Ne4 11.Nxe4 fxe4 12.Qxe4 Bf5 13.Qh4 Qxh4 14.Nxh4 Be6 15.Bf4 Bxc4 16.Bxd6 Rd8
17.Ba3 Bxe2 18.Rfe1 Ba6 19.Bh3 Bc4 20.Re7 b6 21.Rae1 Bf8 22.Be6+ Bxe6 23.R7xe6 c5
24.Nf3 Na6 25.b3 Nc7 26.Rc6 Nd5 27.Kg2 Nc3 28.Bb2 Nxa2 29.Rc7 Nb4 30.Ree7 Bxe7
31.Rxe7 Nc6 32.Rg7+ Kf8 33.Rxh7 Rab8 34.Ng5 Nd4 35.Rxa7 Rd6 36.Bc1 Rbd8 37.Bf4 R6d7
38.Ra6 Rb7 39.Be5 Ke7 40.Ra3 Rd5 41.f4 Nc6 42.Nf3 Ra7 43.Rxa7+ Nxa7 44.Bc7 Nc8
45.Ne5 Rd2+ 46.Kf3 Rb2 47.Nxg6+ Kd7 48.Be5 Rxb3+ 49.Ke4 Ne7 50.Nf8+ Kc6 51.g4 Rb4+
52.Kd3 Kd5 53.g5 Rb3+ 54.Kc2 Rh3 55.g6 Rxh2+ 56.Kc1 Rg2 57.g7 b5 58.Nd7 c4
59.Bc3 Ke4 60.Nc5+ Kxf4 61.Ne6+ Ke4 62.Bd2 Rg1+ 63.Kc2 Rg6 64.Nc7 Rxg7 65.Nxb5 Nd5
66.Nd6+  1/2-1/2

[Event "TCh-SVK"]
[Site "SVK"]
[Date "2000.12.17"]
[Round "6"]
[White "Zpevak,P"]
[Black "Gazik,I"]
[Result "1-0"]
[WhiteElo "2358"]
[BlackElo "2372"]

1.d4 f5 2.Nf3 Nf6 3.g3 g6 4.Bg2 Bg7 5.O-O O-O 6.c4 c6 7.Nc3 d5 8.cxd5 cxd5
9.Qb3 Nc6 10.Bf4 Kh8 11.Rfd1 Ne4 12.Rac1 e6 13.Nb5 g5 14.Be5 a6 15.Nc7 Nxe5
16.Nxe5 Rb8 17.Nxa6 Ra8 18.Nc7 Ra5 19.a3 Bxe5 20.dxe5 Rc5 21.Qb6 Rxc1 22.Rxc1 f4
23.f3 Nd2 24.b3 Qe7 25.Nb5 g4 26.Rc7 Qg5 27.Qc5 Qg8 28.Na7 gxf3 29.exf3 fxg3  1-0

[Event "Koltanowski Mem"]
[Site "San Francisco USA"]
[Date "2000.12.20"]
[Round "7"]
[White "Kraai,J"]
[Black "Rey,G"]
[Result "1-0"]
[WhiteElo "2430"]
[BlackElo "2378"]

1.d4 g6 2.c4 f5 3.Nf3 Bg7 4.g3 Nf6 5.Bg2 O-O 6.O-O d6 7.Nc3 c6 8.d5 e5 9.dxe6 Bxe6
10.b3 Na6 11.Bb2 Qe7 12.Ng5 Nc5 13.Qc2 h6 14.Nxe6 Qxe6 15.Rad1 Rad8 16.b4 Ncd7
17.Nb1 Ne5 18.Nd2 d5 19.cxd5 Nxd5 20.a3 Nb6 21.Nb3 Qc4 22.Qxc4+ Nbxc4 23.Bc1 Nf7
24.e4 Bb2 25.exf5 gxf5 26.Nc5 Rxd1 27.Rxd1 Rd8 28.Re1 Bc3 29.Rf1 b6 30.Nb7 Rc8
31.Rd1 Rc7 32.Nd8 Nxd8 33.Rxd8+ Kg7 34.Bf1 Bf6 35.Re8 b5 36.Re6 Kf7 37.Re1 Ne5
38.Kg2 Bg7 39.Bf4 Re7 40.Rc1 Re6 41.Rc5 Ke7 42.h4 Nd7 43.Rc2 Be5 44.Be3 Nb6
45.Bd3 Rf6 46.Bc5+ Kd7 47.Re2 Bd6 48.Bd4 Rf7 49.f4 Nd5 50.Kf3 a6 51.h5 Nc7
52.Bc2 Ne6 53.Bb2 c5 54.bxc5 Nxc5 55.Be5 Kc6 56.Bxd6 Kxd6 57.Re5 Ne6 58.Bxf5 Nd4+
59.Ke4 Nb3 60.Be6 Rg7 61.Bxb3  1-0